|
|
|
|
| LEADER |
00913nam a22002657a 4500 |
| 001 |
33387 |
| 003 |
BD-DhAAL |
| 005 |
20180714170240.0 |
| 008 |
180714t2000 xxu 001 1eng dd |
| 999 |
|
|
|c 39751
|d 39751
|
| 020 |
|
|
|a 0972227903
|
| 020 |
|
|
|a 9780972227902
|
| 040 |
|
|
|a BD-DhAAL
|
| 082 |
|
|
|a 813.54
|2 21
|
| 100 |
|
|
|a Belfoure, Charles,
|d 1954-
|9 27212
|
| 245 |
|
|
|a Dying by design /
|c Charles Belfoure
|
| 260 |
|
|
|a Westminster, MD :
|b Broken Pediment Publishing,
|c c2000
|
| 300 |
|
|
|a 227 pages ;
|c 22 cm
|
| 526 |
|
|
|a ARC
|
| 541 |
|
|
|e 33387
|
| 650 |
|
|
|a Architects
|v Fiction
|9 27213
|
| 650 |
|
|
|a Architects
|9 27214
|
| 852 |
|
|
|a Department of Architecture
|c General Stacks
|
| 942 |
|
|
|2 ddc
|c BK
|
| 952 |
|
|
|0 0
|1 0
|2 ddc
|4 0
|6 813_540000000000000_BEL
|7 0
|9 63779
|a BRACUL
|b BRACUL
|c GEN
|d 2018-07-14
|l 2
|m 15
|o 813.54 BEL
|p 3010033387
|r 2025-06-22
|s 2025-04-28
|t 1
|w 2018-07-14
|y BK
|x Transferred from ARC to BRACUL on 28/12/2023
|